All Game of Thrones Characters - Statistics

General Stats
  • This quiz has been taken 255 times
    240 since last reset
  • The average score is 91 of 233
Answer Stats
Answer % Correct
Brandon Stark
96%
Cersei Lannister
96%
Jaime Lannister
96%
Jon Snow
96%
Salladhor Saan
96%
Tywin Lannister
96%
Jon Arryn
95%
Tyrion Lannister
95%
Arya Stark
93%
Catelyn Stark
93%
Eddard Stark
93%
Sansa Stark
93%
Daenerys Targaryen
91%
Gregor Clegane
91%
Joffrey Baratheon/Lannister
90%
Jorah Mormont
90%
Petyr Baelish
90%
Samwell Tarly
90%
Tommen Baratheon/Lannister
90%
Robb Stark
89%
Sandor Clegane
88%
Stannis Baratheon
88%
Varys
88%
Khal Drogo
87%
Robert Baratheon
87%
Theon Greyjoy
87%
Dolorous Edd
85%
Lysa Arryn
84%
Viserys Targaryen
84%
Bronn
83%
Oberyn Martell
83%
Renly Baratheon
83%
Rickon Stark
83%
Olenna Tyrell
82%
Davos Seaworth
81%
Loras Tyrell
80%
Melisandre
80%
Missandei
80%
Yara Greyjoy
80%
Margaery Tyrell
79%
Myrcella Baratheon/Lannister
79%
Ramsay Bolton
79%
Brian
77%
Grey Worm
77%
Hodor
77%
Roose Bolton
77%
Ygritte
77%
Gendry
75%
Tormund Giantsbane
75%
Lyanna Mormont
74%
Lyanna Stark
74%
Benjen Stark
72%
Grand Maester Pycelle
72%
Robin Arryn
72%
Shae
72%
Aemon Targaryen
71%
Euron Greyjoy
70%
Gilly
69%
Jeor Mormont
69%
Walder Frey
69%
Balon Greyjoy
67%
Drogon
67%
Rhaegar Targaryen
67%
Ghost
66%
Lancel Lannister
66%
Meera Reed
66%
Nym
66%
Barristan Selmy
65%
Lady
65%
Alliser Thorne
64%
Nymeria
64%
Podrick Payne
64%
Hot Pie
63%
Mance Rayder
63%
Daario Naharis
62%
Shireen Baratheon
62%
Jojen Reed
61%
Summer
61%
Viserion
61%
Ellaria Sand
60%
Jaqen H'ghar
60%
Osha
60%
Ros
60%
Aerys Targaryen
59%
Edmure Tully
58%
Mace Tyrell
58%
Maester Luwin
57%
Rhaegal
56%
Ilyn Payne
54%
Qyburn
54%
Rodrik Cassel
54%
Brynden Tully
53%
High Sparrow
53%
Kevan Lannister
53%
Craster
52%
Grenn
52%
Pyp
52%
Shaggydog
52%
Meryn Trant
51%
Beric Dondarrion
50%
Dickon Tarly
48%
Petyr
48%
Talisa Maegyr
47%
Brienne of Tarth
46%
Randyll Tarly
45%
Thoros of Myr
45%
Olly
44%
Selyse Baratheon
43%
Janos Slynt
42%
Jory
42%
Rickard Karstark
41%
Doran Martell
40%
Greatjon Umber
39%
Obara Sand
39%
Xaro Xhoan Daxos
38%
Walda Frey
37%
Qhorin Halfhand
35%
Hoster Tully
34%
Illyrio Mopatis
34%
Syrio Forel
34%
Septa Unella
33%
Doreah
31%
Myranda
31%
Trystane Martell
31%
Septa Mordane
30%
Irri
29%
Yoren
29%
Locke
28%
Mirri Maz Duur
26%
Yohn Royce
26%
Karl Tanner
24%
Rast
24%
Lommy
21%
Pyat Pree
21%
Hizdhar zo Loraq
20%
Mag the Mighty
20%
Mord
20%
Polliver
20%
Lord of Bones
18%
Orell
18%
Matthos Seaworth
16%
Rakharo
16%
Amory Lorch
15%
Martyn Lannister
15%
Dontos Hollard
14%
Lady Crane
14%
Master Kraznys
14%
the Tickler
14%
Alton
12%
Maester Wolkan
12%
Mycah
12%
Hugh
10%
Rorge
10%
Vardis Egen
10%
Anguy
9%
Axel Florent
9%
Boros
9%
Olyver
9%
Shagga son of Dolf
9%
Mandon
8%
Merry Frey
8%
Othell Yarwyck
7%
Aggo
6%
Talla Tarly
6%
Tansy
6%
Mago
5%
Mero
5%
Violet
5%
Denys Mallister
4%
Kovarro
4%
Lollys
4%
Mikken
4%
Sally
4%
Torrhen
4%
Vayon Poole
4%
White Rat
4%
Bobono
3%
Mossador
3%
Sarra Frey
3%
Serra Frey
3%
Timett son of Timett
3%
Bianca
2%
Dareon
2%
Jack
2%
Jafer Flowers
2%
Prendhal na Ghezn
2%
Tommy
2%
Vala
2%
Waldra Frey
2%
Aremca
1%
Chella daughter of Cheyk
1%
Cley Cerwyn
1%
Desmond Crakehall
1%
Dom
1%
Edric
1%
Eldrick Sarsfield
1%
Farlen
1%
Fennesz
1%
Freya Frey
1%
Guymon
1%
Harrion
1%
Hobb
1%
Lothor Brune
1%
Martha
1%
Mhaegen
1%
Othor
1%
Razdal mo Eraz
1%
Rennick
1%
Tobho Mott
1%
Tommard
1%
Arwyen Frey
0%
Bert
0%
Billy
0%
Boake
0%
Borba
0%
Brant
0%
Cooper
0%
Derek
0%
Derwa Frey
0%
Gerard
0%
Ginia Frey
0%
Harker
0%
Hill
0%
Kenning
0%
Malakko
0%
Marianne Frey
0%
Master Greizhen
0%
Neila Frey
0%
Portan
0%
Rhalko
0%
Shirei Frey
0%
Stonesnake
0%
Zala
0%
No matching quizzes found
Score Distribution
Percent of People with Each Score
Percentile by Number Answered
Your Score History
You have not taken this quiz since the last reset